000
00491nam a2200181Ia 4500
008
090124s9999 xx 000 0 und d
082
_b
47196
100
_a
धर्मापुरीकर मधुकर
245
_a
रूप
250
_a
1
260
_c
2008
300
_a
140
600
_a
धर्मापुरीकर मधुकर
630
_a
रूप
700
_a
धर्मापुरीकर मधुकर
730
_a
रूप
942
_c
BOOK
999
_c
113415
_d
113415